[Event "Mittelfrank Regionalliga Sud-West 2122"]
[Site "Mittelfranken"]
[Date "2022.03.20"]
[Round "4.6"]
[White "Poizner, Illia"]
[Black "Komarov, Jan"]
[Result "0-1"]
[WhiteElo "1602"]
[BlackElo "1811"]
[PlyCount "108"]
[EventDate "2021.10.24"]
[EventType "team-tourn"]
[EventRounds "9"]
[EventCountry "GER"]
[SourceTitle "EXT 2024"]
[Source "ChessBase"]
[SourceDate "2023.10.10"]
[SourceVersion "1"]
[SourceVersionDate "2023.10.10"]
[SourceQuality "1"]
[WhiteTeam "Haunstetten II"]
[BlackTeam "Muenchen Suedost II"]
[WhiteTeamCountry "GER"]
[BlackTeamCountry "GER"]

1. e4 c5 2. Nf3 d6 3. d4 cxd4 4. Nxd4 Nf6 5. Bd3 Nc6 6. c3 e6 7. 0-0 Be7 8. h3 0-0 9. Be3 Ne5 10. f4 Nxd3 11. Qxd3 d5 12. Nd2 dxe4 13. Nxe4 a6 14. Rad1 Qc7 15. Nxf6+ Bxf6 16. Nf3 Rd8 17. Qc2 Bd7 18. Qf2 Bb5 19. Bb6 Rxd1 20. Rxd1 Qxf4 21. Nd4 Qd6 22. Ba5 e5 23. Bb4 Qd8 24. Bc5 exd4 25. Bxd4 Bxd4 26. Rxd4 Qb6 27. c4 Bc6 28. c5 Qc7 29. b4 Rd8 30. a3 a5 31. Qf4 Qb8 32. bxa5 h6 33. Rd6 Qa8 34. Qb4 Rxd6 35. cxd6 Qa6 36. Qd2 Qb5 37. Kh2 Qe5+ 38. Kg1 Qg5 39. Qxg5 hxg5 40. Kf2 f5 41. Ke3 Kf7 42. g3 Ke6 43. h4 f4+ 44. Kf2 fxg3+ 45. Kxg3 gxh4+ 46. Kxh4 Kxd6 47. Kg5 Kc5 48. Kg6 Kb5 49. Kxg7 Kxa5 50. Kf6 Ka4 51. Ke5 Kxa3 52. Kd4 b5 53. Kc3 b4+ 54. Kc2 b3+ 0-1

[Event "Mittelfrank Regionalliga Sud-West 2122"]
[Site "Mittelfranken"]
[Date "2021.11.14"]
[Round "2.6"]
[White "Bauer, Wolfgang2222"]
[Black "Komarov, Jan"]
[Result "1-0"]
[WhiteElo "1854"]
[BlackElo "1811"]
[PlyCount "129"]
[EventDate "2021.10.24"]
[EventType "team-tourn"]
[EventRounds "9"]
[EventCountry "GER"]
[SourceTitle "EXT 2024"]
[Source "ChessBase"]
[SourceDate "2023.10.10"]
[SourceVersion "1"]
[SourceVersionDate "2023.10.10"]
[SourceQuality "1"]
[WhiteTeam "Dillingen"]
[BlackTeam "Muenchen Suedost II"]
[WhiteTeamCountry "GER"]
[BlackTeamCountry "GER"]

1. Nf3 c5 2. c4 Nf6 3. Nc3 Nc6 4. g3 d5 5. cxd5 Nxd5 6. Bg2 Nc7 7. 0-0 e5 8. d3 Be7 9. Nd2 0-0 10. Nc4 f6 11. Be3 Nd4 12. a4 Rb8 13. f4 exf4 14. Bxf4 Nde6 15. Bd5 a6 16. Nb6 Nxd5 17. Ncxd5 Nxf4 18. Nxe7+ Qxe7 19. Rxf4 Qe3+ 20. Rf2 Be6 21. Qc1 Qd4 22. Qc3 Qxc3 23. bxc3 a5 24. Rb1 Rfd8 25. Rf4 Rd6 26. Rb5 Re8 27. Kf2 Kf7 28. Nc4 Bxc4 29. Rxb7+ Re7 30. Rxe7+ Kxe7 31. Rxc4 Rd5 32. d4 cxd4 33. cxd4 f5 34. Kf3 Kd6 35. h4 h6 36. Kf4 g6 37. e3 Kd7 38. Rc5 Rxc5 39. dxc5 Kc6 40. h5 gxh5 41. Kxf5 Kxc5 42. Ke6 Kb4 43. e4 Kxa4 44. e5 Kb4 45. Kd5 a4 46. e6 a3 47. e7 a2 48. e8Q a1Q 49. Qb8+ Ka3 50. Qa7+ Kb2 51. Qxa1+ Kxa1 52. Ke5 Kb2 53. Kf5 Kc3 54. Kg6 Kd4 55. Kxh6 Ke5 56. Kxh5 Kf6 57. g4 Kg7 58. Kg5 Kh7 59. Kf6 Kh6 60. g5+ Kh7 61. Kf7 Kh8 62. Kg6 Kg8 63. Kh6 Kh8 64. g6 Kg8 65. g7 1-0

[Event "Regionalliga SW 1617"]
[Site "Bayern"]
[Date "2017.04.02"]
[Round "8.5"]
[White "Komarov, Jan"]
[Black "Fischer, Ernst1111"]
[Result "1/2-1/2"]
[WhiteElo "1729"]
[BlackElo "1846"]
[PlyCount "139"]
[EventDate "2016.10.16"]
[EventType "team-tourn"]
[EventRounds "9"]
[EventCountry "GER"]
[SourceTitle "EXT 2019"]
[Source "ChessBase"]
[SourceDate "2018.10.10"]
[SourceVersion "1"]
[SourceVersionDate "2018.10.10"]
[SourceQuality "1"]
[WhiteTeam "Muenchen Suedost II"]
[BlackTeam "Krumbach"]
[WhiteTeamCountry "GER"]
[BlackTeamCountry "GER"]

1. e4 e5 2. Nf3 Nc6 3. Bb5 a6 4. Ba4 Nf6 5. 0-0 Be7 6. Re1 b5 7. Bb3 0-0 8. c3 d5 9. d4 dxe4 10. Nxe5 Bb7 11. Nd2 Nxe5 12. dxe5 Nd7 13. Nxe4 Nxe5 14. Bc2 Ng6 15. Qxd8 Raxd8 16. h3 Rd7 17. Be3 Nh4 18. f3 Rfd8 19. Rad1 Rxd1 20. Rxd1 Rxd1+ 21. Bxd1 Nf5 22. Bf4 Bxe4 23. fxe4 Bc5+ 24. Kh2 Nd6 25. Be2 Bb6 26. e5 Nb7 27. b4 Nd8 28. Bg3 Ne6 29. Bf3 Be3 30. Be1 c5 31. Bb7 Nc7 32. g4 cxb4 33. cxb4 Bd4 34. Bg3 Bc3 35. e6 Nxe6 36. Bxa6 Bxb4 37. Bxb5 Ba3 38. Kg2 Nd4 39. Bc4 Kf8 40. Kf2 f6 41. Ke3 Nc6 42. Ke4 Ke7 43. Bg8 h6 44. Kf5 Ne5 45. Bxe5 fxe5 46. Kxe5 Kf8 47. Bh7 Kf7 48. Bf5 Bb2+ 49. Kd5 Ba3 50. Kc4 Ke7 51. Kb3 Bc5 52. a4 Kd6 53. Kc4 Bf2 54. Kb5 Kc7 55. a5 Kb7 56. Be4+ Ka7 57. a6 Bd4 58. Bb7 Bf6 59. Kc6 Bc3 60. Kd7 Bf6 61. Ke6 Bb2 62. Kf7 Bc3 63. Kg6 Bb2 64. h4 Bc3 65. h5 Bb2 66. g5 hxg5 67. Kxg5 Bc3 68. h6 gxh6+ 69. Kxh6 Bd4 70. Kg6 1/2-1/2

[Event "Bayernliga U20 1617"]
[Site "Bayern"]
[Date "2017.01.21"]
[Round "4.1"]
[White "Komarov, Jan"]
[Black "Schulz, Lukas"]
[Result "0-1"]
[WhiteElo "1926"]
[BlackElo "2220"]
[PlyCount "80"]
[EventDate "2016.11.12"]
[EventType "team-tourn"]
[EventRounds "7"]
[EventCountry "GER"]
[SourceTitle "EXT 2022"]
[Source "ChessBase"]
[SourceDate "2021.10.06"]
[SourceVersion "1"]
[SourceVersionDate "2021.10.06"]
[SourceQuality "1"]
[WhiteTeam "Muenchen SO SK U20"]
[BlackTeam "Forchheim SC U20"]
[WhiteTeamCountry "GER"]
[BlackTeamCountry "GER"]

1. e4 c5 2. Nf3 Nc6 3. d4 cxd4 4. Nxd4 Nf6 5. Nc3 e5 6. Ndb5 d6 7. Bg5 a6 8. Na3 b5 9. Nd5 Be7 10. Bxf6 Bxf6 11. c3 0-0 12. Nc2 Bg5 13. a4 bxa4 14. Rxa4 Kh8 15. Bc4 Na5 16. Nce3 Bd7 17. Ra2 Bxe3 18. Nxe3 Nxc4 19. Nxc4 Bb5 20. b3 Rc8 21. 0-0 Rxc4 22. bxc4 Bxc4 23. Rd2 Bxf1 24. Rxd6 Qc7 25. Kxf1 a5 26. Qd3 h6 27. Rd7 Qb6 28. Rd6 Qb2 29. Rd8 Qa1+ 30. Qd1 Qa3 31. Rxf8+ Qxf8 32. Qa4 Qc5 33. Qe8+ Kh7 34. Qxf7 a4 35. Ke2 a3 36. Kd3 Qb5+ 37. Ke3 Qb6+ 38. Kd2 a2 39. Qf5+ Qg6 40. Qxg6+ Kxg6 0-1

[Event "Bayernliga U20 1617"]
[Site "Bayern"]
[Date "2017.01.21"]
[Round "5.1"]
[White "Kornitzky, Tino"]
[Black "Komarov, Jan"]
[Result "1-0"]
[WhiteElo "1931"]
[BlackElo "1926"]
[PlyCount "81"]
[EventDate "2016.11.12"]
[EventType "team-tourn"]
[EventRounds "7"]
[EventCountry "GER"]
[SourceTitle "EXT 2022"]
[Source "ChessBase"]
[SourceDate "2021.10.06"]
[SourceVersion "1"]
[SourceVersionDate "2021.10.06"]
[SourceQuality "1"]
[WhiteTeam "Erlangen SC U20"]
[BlackTeam "Muenchen SO SK U20"]
[WhiteTeamCountry "GER"]
[BlackTeamCountry "GER"]

1. d4 Nf6 2. c4 c5 3. d5 b5 4. cxb5 a6 5. bxa6 g6 6. Nc3 Bxa6 7. e4 Bxf1 8. Kxf1 d6 9. Nf3 Bg7 10. g3 0-0 11. Kg2 Nbd7 12. a4 Qb6 13. Qc2 Rfb8 14. Nb5 Ne8 15. Bg5 Nc7 16. Bxe7 Nxb5 17. axb5 h6 18. Nd2 Rxa1 19. Rxa1 Qxb5 20. Nc4 Bf8 21. Bxf8 Kxf8 22. Nxd6 Qxb2 23. Qxb2 Rxb2 24. Ra7 Ne5 25. Rc7 Rc2 26. Nb7 c4 27. d6 Rd2 28. Rc5 f6 29. Kh3 h5 30. Kg2 Rb2 31. Rc8+ Kf7 32. Rc7+ Ke8 33. Re7+ Kf8 34. d7 Nc6 35. Re8+ Kg7 36. d8Q Nxd8 37. Nxd8 c3 38. Re7+ Kh6 39. Rc7 c2 40. Ne6 Rb6 41. Nf8 1-0

[Event "Bayernliga U20 1617"]
[Site "Bayern"]
[Date "2016.11.12"]
[Round "1.2"]
[White "Komarov, Jan"]
[Black "Herrmann, Luca"]
[Result "1/2-1/2"]
[WhiteElo "1926"]
[BlackElo "1955"]
[PlyCount "37"]
[EventDate "2016.11.12"]
[EventType "team-tourn"]
[EventRounds "7"]
[EventCountry "GER"]
[SourceTitle "EXT 2022"]
[Source "ChessBase"]
[SourceDate "2021.10.06"]
[SourceVersion "1"]
[SourceVersionDate "2021.10.06"]
[SourceQuality "1"]
[WhiteTeam "Muenchen SO SK U20"]
[BlackTeam "Muenchen Tarrasch U20"]
[WhiteTeamCountry "GER"]
[BlackTeamCountry "GER"]

1. e4 e5 2. Nf3 Nc6 3. Bb5 Nf6 4. 0-0 Nxe4 5. d4 Nd6 6. Bxc6 dxc6 7. dxe5 Nf5 8. Qxd8+ Kxd8 9. Nc3 Ke8 10. h3 h5 11. Bf4 Be7 12. Rad1 Be6 13. Ng5 Rh6 14. g3 Bxg5 15. Bxg5 Rg6 16. Bf4 Nh4 17. Kh2 Nf3+ 18. Kg2 Nh4+ 19. Kh2 1/2-1/2

[Event "Bayernliga U20 1516"]
[Site "Bayern"]
[Date "2016.02.27"]
[Round "7.4"]
[White "Komarov, Jan"]
[Black "Braun, Kristin"]
[Result "1-0"]
[WhiteElo "1894"]
[BlackElo "1781"]
[PlyCount "91"]
[EventDate "2015.11.21"]
[EventType "team-tourn"]
[EventRounds "7"]
[EventCountry "GER"]
[SourceTitle "EXT 2022"]
[Source "ChessBase"]
[SourceDate "2021.10.06"]
[SourceVersion "1"]
[SourceVersionDate "2021.10.06"]
[SourceQuality "1"]
[WhiteTeam "Muenchen Suedost SK U20"]
[BlackTeam "Forchheim SC U20"]
[WhiteTeamCountry "GER"]
[BlackTeamCountry "GER"]

1. e4 d6 2. d4 Nf6 3. Nc3 g6 4. Be3 Bg7 5. f3 0-0 6. Qd2 e5 7. 0-0-0 Nbd7 8. g4 a6 9. h4 h5 10. g5 Nh7 11. f4 Nb6 12. dxe5 Bg4 13. Be2 dxe5 14. Qe1 Qe7 15. Bxg4 hxg4 16. f5 Qb4 17. Bxb6 cxb6 18. f6 Bxf6 19. gxf6 Nxf6 20. Nd5 Nxd5 21. exd5 Qf4+ 22. Kb1 e4 23. h5 g5 24. Ne2 Qe5 25. d6 Rad8 26. d7 Qe6 27. Qd2 e3 28. Qd4 f6 29. h6 Rf7 30. Qd3 Rdxd7 31. Qg6+ Kh8 32. Rxd7 Rxd7 33. a3 Qf7 34. Qf5 Rc7 35. Rd1 Qf8 36. Rh1 Qf7 37. h7 Rc5 38. Qxg4 Qc4 39. Qh5 Qxc2+ 40. Ka1 Rc8 41. Qf7 Qc6 42. Rh6 Qf3 43. Rg6 Qh1+ 44. Ka2 Qxh7 45. Qxf6+ Qg7 46. Qxg7# 1-0

[Event "Bayernliga U20 1516"]
[Site "Bayern"]
[Date "2015.12.19"]
[Round "2.4"]
[White "Koerber, Christian"]
[Black "Komarov, Jan"]
[Result "0-1"]
[WhiteElo "1671"]
[BlackElo "1894"]
[PlyCount "62"]
[EventDate "2015.11.21"]
[EventType "team-tourn"]
[EventRounds "7"]
[EventCountry "GER"]
[SourceTitle "EXT 2022"]
[Source "ChessBase"]
[SourceDate "2021.10.06"]
[SourceVersion "1"]
[SourceVersionDate "2021.10.06"]
[SourceQuality "1"]
[WhiteTeam "Nuernberg Sued SW U20"]
[BlackTeam "Muenchen Suedost SK U20"]
[WhiteTeamCountry "GER"]
[BlackTeamCountry "GER"]

1. d4 Nf6 2. Nf3 g6 3. c4 c5 4. Nc3 cxd4 5. Nxd4 d5 6. Bf4 a6 7. e3 Bg7 8. Be2 0-0 9. 0-0 Nc6 10. Nxc6 bxc6 11. c5 Qa5 12. Na4 Nd7 13. Rc1 e5 14. Bg3 f5 15. f4 e4 16. Be1 Qd8 17. b4 Rb8 18. a3 g5 19. Bg3 gxf4 20. Bxf4 Be5 21. Qe1 Bxf4 22. Rxf4 Qg5 23. Qh4 Qxh4 24. Rxh4 a5 25. bxa5 Ra8 26. Rh6 Rxa5 27. Bd1 Ne5 28. Rb1 Ba6 29. Rb6 f4 30. exf4 Rxf4 31. Re6 Rf1# 0-1

[Event "Bayernliga U20 1415"]
[Site "Bayern"]
[Date "2015.01.24"]
[Round "5.4"]
[White "Koerber, Christian"]
[Black "Komarov, Jan"]
[Result "1/2-1/2"]
[WhiteElo "1671"]
[BlackElo "1894"]
[PlyCount "21"]
[EventDate "2014.11.15"]
[EventType "team-tourn"]
[EventRounds "7"]
[EventCountry "GER"]
[SourceTitle "EXT 2022"]
[Source "ChessBase"]
[SourceDate "2021.10.06"]
[SourceVersion "1"]
[SourceVersionDate "2021.10.06"]
[SourceQuality "1"]
[WhiteTeam "Nuernberg Sued SW U20"]
[BlackTeam "Muenchen Suedost SK U20"]
[WhiteTeamCountry "GER"]
[BlackTeamCountry "GER"]

1. b3 Nf6 2. Bb2 g6 3. e3 Bg7 4. f4 d6 5. Be2 0-0 6. Nf3 c5 7. Nc3 Nd5 8. 0-0 Nxc3 9. Bxc3 Bxc3 10. dxc3 Bf5 11. Bd3 1/2-1/2

[Event "Landesliga U20 Sued 1314"]
[Site "Bayern"]
[Date "2014.01.25"]
[Round "5.3"]
[White "Komarov, Jan"]
[Black "Koehler, Max"]
[Result "0-1"]
[WhiteElo "1894"]
[BlackElo "1704"]
[PlyCount "68"]
[EventDate "2013.11.16"]
[EventType "team-tourn"]
[EventRounds "7"]
[EventCountry "GER"]
[SourceTitle "EXT 2022"]
[Source "ChessBase"]
[SourceDate "2021.10.06"]
[SourceVersion "1"]
[SourceVersionDate "2021.10.06"]
[SourceQuality "1"]
[WhiteTeam "Muenchen Suedost SK U20 II"]
[BlackTeam "Muenchen Tarrasch U20"]
[WhiteTeamCountry "GER"]
[BlackTeamCountry "GER"]

1. e4 e6 2. d4 d5 3. exd5 exd5 4. Bd3 Bd6 5. Nc3 c6 6. Nge2 Qc7 7. Be3 Ne7 8. Qd2 Ng6 9. 0-0-0 Be6 10. h4 Nd7 11. f3 0-0-0 12. h5 Ne7 13. g4 Rdf8 14. Nf4 Nb6 15. Rde1 Bd7 16. Nh3 f5 17. Rhg1 fxg4 18. fxg4 Rf3 19. Ng5 Rxe3 20. Rxe3 Bf4 21. Nf7 Rf8 22. Ne5 c5 23. Nxd7 cxd4 24. Nxf8 Bxe3 25. Qxe3 dxe3 26. Ne6 Qh2 27. Rd1 Qe5 28. Nc5 d4 29. N3e4 Ned5 30. Nb3 Nf4 31. Re1 Nxd3+ 32. cxd3 Nd5 33. a3 Nf4 34. Kc2 Qc7+ 0-1